000 00691cam a2200229 a 4500
005 20260322212043.0
008 data
010 _a 85004398
020 _a0816145849 (lg. print)
_c{dollar}12.95
020 _a9780816145843 (lg. print)
_c{dollar}12.95
040 _aDLC
_cDLC
_dDLC
050 0 0 _aPR6005.H66
_bO74 1985
082 0 0 _a823/.912
_221
100 1 _aChristie, Agatha,
_d1890-1976.
245 1 0 _aOrdeal by innocence /
_cAgatha Christie.
250 _aLarge print edition.
260 _aBoston, MA :
_bG.K. Hall & Co.,
_c[1989], c1958.
300 _a374 p. ;
_c22 cm.
490 _aG.K. Hall large print book series
655 7 _aDetective and mystery stories.
_2gsafd
001 data
999 _c1021
_d1021